| 000 | 00386nam a2200145Ia 4500 | ||
|---|---|---|---|
| 008 | 151021s9999 xx 000 0 und d | ||
| 020 | _a854046577 | ||
| 050 | _aQD467.B68 2002 | ||
| 245 | _a_Atomic structure and periodicity | ||
| 260 | _aUK RS.C 2002 | ||
| 300 | _avi,178p.;ill. | ||
| 500 | _aIncludes index | ||
| 650 | _a_Atomic structures | ||
| 980 | _a^d20110106 11:34:02^oanne | ||
| 999 |
_c5802 _d5802 |
||